000 00503nam a2200205Ia 4500
005 20230515152740.0
008 131103s9999 xx 000 0 und d
040 _aLoreto College
041 _aEnglish
082 _a823.91
_bJAM
100 _aJames, Henry
245 _aWhat maisie knew
_cHenry James
260 _aLondon
_bPenguin .
_c1966
300 _a248p.
650 _aEnglish literature
651 _aEnglish Fiction
700 _aMillett, Fred B; ed.
850 _aLCLIB
942 _cBK
999 _c22467
_d72946